01579nam a2200337 a 4500001001000000003000900010005001700019007000300036008004100039020001500080040003000095082003000125100005000155245004800205250002900253264005000282300002800332336002700360337003300387338002800420500005500448505032800503650002900831650003100860650002800891910004100919942001400960952012300974952012901097999001501226000004081DO-SdBNP20260321073638.0ta090716s2006 dr 000 j spa d a9993476684 aDO-SdBNPbspacBNPHUerda 4aRD863.44bB742c, 20062221 a Bosch, Juan, d1909-20014aut.eautor97655510aCuentos escritos en el exilio /cJuan Bosch acuatrigésima edición 4aSanto Domingo :bEditora Alfa & Omega,c2006. a279 páginas ;c21 cm. atextobtxt2rdacontent asin mediaciónbn2rdamedia avolumenbnc2rdacarrier aIncluye apuntes sobre el arte de escribir cuentos.2 aApuntes sobre el arte de escribir cuentos -- tLos amos -- tEn un bohío /rLuis Pie -- tLa noche buena de Encarnación Mendoza -- tEl funeral -- tRumbo al puerto de origen -- tLa desgracia -- tEl hombre que lloró -- tVictoriano Segura -- tLa mancha indeleble -- tEl indio Manuel Sicuri -- tCuento de navidad. 4aCuentos dominicanos9176 4aLiteratura dominicana.967 4aArte de escribir912162 aValidado. Control de calidad MMOLINA 2ddccLBS1 0010718PDaPDbPDcHDd2009-07-16iLF1l0oRD863.44 B742c, 2006p4081-10r2020-06-25w2020-06-25yLFPDZNo se presta 0010718PDaPDbPDcHDd2009-08-28iLF1l0oRD863.44 B742c, 2006p4081-20r2020-06-25te. 2w2020-06-25yLFPDZNo se presta c3899d3899